000 00669nam a22002297i 4500
003 URS
005 20220117150745.0
008 170724b xxu||||| |||| 00| 0 eng d
020 _a9716856989
050 1 4 _aLB 1025.3
_bSa314 2009
100 1 _aSalandanan, Gloria G,
_eauthor
245 1 0 _aMethods of teaching / Gloria G. Salandanan.
250 _aRevised edition
264 1 _aQuezon City :
_bLorimar Publishing
_c2009.
300 _a[IX], 173 pages
_c26 cm
336 _atext
_btxt
_2rdacontent
337 _aunmediated
_bn
_2rdamedia
338 _avolume
_bnc
_2rdacarrier
504 _aIncludes bibliographical references.
650 0 _aTeaching
942 _cF
_2lcc
999 _c5797
_d5797